Quantitative Methods for Business, Management and Finance (Record no. 2041)

MARC details
000 -LEADER
fixed length control field 00906cam a22002894a 4500
001 - CONTROL NUMBER
control field 12387040
003 - CONTROL NUMBER IDENTIFIER
control field OSt
005 - DATE AND TIME OF LATEST TRANSACTION
control field 20221011125307.0
008 - FIXED-LENGTH DATA ELEMENTS--GENERAL INFORMATION
fixed length control field 000724s2000 enka f 001 0 eng
010 ## - LIBRARY OF CONGRESS CONTROL NUMBER
LC control number 2001339790
020 ## - INTERNATIONAL STANDARD BOOK NUMBER
International Standard Book Number 0333920767
035 ## - SYSTEM CONTROL NUMBER
System control number (UkLWHE)b000071925
040 ## - CATALOGING SOURCE
Original cataloging agency DLC
Transcribing agency DLC
Modifying agency DLC
042 ## - AUTHENTICATION CODE
Authentication code pcc
050 00 - LIBRARY OF CONGRESS CALL NUMBER
Classification number HD30.215
Item number .S95 2000
082 00 - DEWEY DECIMAL CLASSIFICATION NUMBER
Classification number 510 SWI 1997
Edition number 21
100 1# - MAIN ENTRY--PERSONAL NAME
Personal name Swift, Louise,
9 (RLIN) 5295
245 10 - TITLE STATEMENT
Title Quantitative Methods for Business, Management and Finance
260 ## - PUBLICATION, DISTRIBUTION, ETC. (IMPRINT)
Place of publication, distribution, etc. Basingstoke :
Name of publisher, distributor, etc. Macmillan Business,
Date of publication, distribution, etc. 2000.
300 ## - PHYSICAL DESCRIPTION
Extent xiv, 861 p. :
Other physical details ill. ;
Dimensions 25 cm.
500 ## - GENERAL NOTE
General note Includes index.
650 #0 - SUBJECT ADDED ENTRY--TOPICAL TERM
Topical term or geographic name as entry element Business research
9 (RLIN) 5296
650 #0 - SUBJECT ADDED ENTRY--TOPICAL TERM
Topical term or geographic name as entry element Business statistics.
9 (RLIN) 5297
906 ## - LOCAL DATA ELEMENT F, LDF (RLIN)
a 7
b cbc
c origres
d 2
e ncip
f 20
g y-gencatlg
942 ## - ADDED ENTRY ELEMENTS (KOHA)
Source of classification or shelving scheme Other/Generic Classification Scheme
Koha item type Short Loan
Holdings
Withdrawn status Lost status Source of classification or shelving scheme Damaged status Not for loan Home library Current library Date acquired Source of acquisition Inventory number Total Checkouts Full call number Barcode Date last seen Koha item type
    Dewey Decimal Classification     MUST Main Library MUST Main Library 12/06/2015 Purchase 01/16433   510 SWI 1997 2015-1871 12/06/2015 Short Loan
    Dewey Decimal Classification     MUST Main Library MUST Main Library 12/06/2015 Purchase 03/19429   510 SWI 1997 2015-1872 12/06/2015 Short Loan